| 000 | 00403ntaaa2200169 4500 | ||
|---|---|---|---|
| 003 | 01 | ||
| 005 | 20251027200529.0 | ||
| 008 | 0714s1973 ag 01 | ||
| 040 |
_aAR-BaBN _bspa _cAR-BaBN _eaacr _dRIC |
||
| 082 | _a782.12 D73i | ||
| 245 | _aIntroducción a la música | ||
| 250 | _a1 ed. | ||
| 260 |
_aBuenos Aires : _bSolfa, _c1982 |
||
| 300 |
_a2 v ; _cils.; grf |
||
| 650 | _aMusica-Pedagogia | ||
| 942 | _cBK | ||
| 999 |
_c146 _d146 |
||